Rozpoznávanie a spracovanie odtlačkov prstov pomocou informačných technológií

Enregistré dans:
Détails bibliographiques
Auteur principal: Marák, Pavol, 1988- (Auteur)
Autres auteurs: Hambalík, Alexander, 1957- (Directeur de thèse)
Format: Manuscrit Livre
Langue:slovaque
Publié: Bratislava : STU v Bratislave FEI, 2010
Sujets:
Accès en ligne:VAIS
Tags: Ajouter un tag
Pas de tags, Soyez le premier à ajouter un tag!

MARC

LEADER 00000ntm a22000003a 4500
001 stu209687
005 20150617230103.2
008 100818s2010------------------------slo-d
040 |a STU  |b slo 
041 0 |a slo 
100 1 |a Marák, Pavol,  |d 1988-  |4 aut  |u E050  |U FEI Fakulta elektrotechniky a informatiky  |T FEI Ústav informatiky a matematiky  |X 50790  |U E050  |Y 816  |7 A000050790 
242 0 0 |a Fingerprint-based recognition and processing of fingerprints using information technologies  |y eng 
245 1 |a Rozpoznávanie a spracovanie odtlačkov prstov pomocou informačných technológií 
260 |a Bratislava :  |b STU v Bratislave FEI,  |c 2010 
300 |a 86 s  |c príl 
650 7 |a Aplikovaná informatika  |2 stusub 
650 7 |a testovanie  |2 stusub 
650 7 |a testing  |2 estusub 
700 1 |a Hambalík, Alexander,  |d 1957-  |4 ths  |u E050  |U FEI Fakulta elektrotechniky a informatiky  |T FEI Ústav informatiky a matematiky  |X 284  |U E050  |Y 816  |7 A000000284 
856 4 |a info a plný text  |u http://is.stuba.sk/zp/portal_zp.pl?podrobnosti=49998  |3 VAIS